retrouve ces classiques de guizmo - Statistiques

Statistiques générales
  • Ce quiz a été pris 121 fois
  • Le résultat moyen est 4 sur 15
Statistiques - réponses
Hint Réponse % Correct
"j'ai vu nos vies s'effriter, venir s'écraser dans le cendar" attendez moi
71%
"ma mère va m'enterrer à 31, parce que j'ai niqué mon foie, mon pancréas ; sors ton pch'ton vas-y on s'en fait un" dans 10 ans
59%
"c'est quand t'as rien dans le bide que tu vois qu'ils bouffent et c'est seulement quand tu t'étouffes que tu t'aperçois qu'ils soufflent" c'est tout
40%
"c'est pour nono et loulou, tu fumes tu dis "oulala" ; inchAllah dans pas longtemps on part à Honolulu" manifeste
35%
"alcool et bédo, bats les couilles de m'répéter, tu peux ouvrir ta gueule, mes gremlins ont mes CDs" mon CV
34%
"quand il m'parle, j'comprends une phrase sur deux mais j'le reçois cinq sur cinq car la souffrance est universelle" le bus
30%
"et j'étais plus le bienvenue j'avoue, j'suis l'genre de mec qui pousse à bout" vagabond
24%
"et j'traiterai pas ta mère, parce qu'elle s'est occupé de moi comme une grand-mère" je m'en rappelle
23%
"fait chier, il a flotté toute la semaine, mais j'ai quand même traîné dehors, shit en dessous de la semaine" normal
22%
"tu t'en passes plus et tu t'en lasses pas ; tu vis dans l'abus et tu t'en caches pas" le café
21%
"dans ma tête j'suis dans un délire parano et méfiant. Barack O. est président mais j'suis toujours un sale n****" ma haine est viscérale
20%
"j'rappe pour vous, nos qualités et nos défauts. J'rappe pour vous, nos sales idées et nos ghettos" amicalement vôtre
18%
"ils veulent capter les bails mais je n'ai pas de réseau, demande à Selah Sue" crazy vibes street
7%
"écrire c'est bien mais écrire bien c'est mieux. si je me branle sur ta gueule ben j'vais t'en mettre plein les yeux" sablier
7%
"papa n'était pas là quand je naissais, maman a fait le ménage et la vaisselle" on est au calme
4%
Aucun quiz correspondant
Distribution des résultats
% des personnes avec chaque résultat
Percentile par nombre de réponses
Votre historique - résultats
Vous n’avez pas pris ce quiz